000 00504nam a2200205Ia 4500
003 OSt
005 20221002055042.0
006 a|||||r|||| 00| 0
007 ta
008 220930b |||||||| |||| 00| 0 eng d
024 _a71687
037 _cReference Collections
040 _aCRL
_cCRL
_beng
041 _2eng
_aeng
082 _aRp2,N, J5(RR)
245 0 _aPresidential addresses
260 _c1955
942 _hRp2,N, J5(RR)
_cref
_2CC
999 _c926618
_d926618